AK’s General Knowledge A-Z #69 - Statistics

General Stats
  • This quiz has been taken 842 times
  • The average score is 15 of 26
Answer Stats
Hint Answer % Correct
M – Real ______, football (soccer) club that plays in the Santiago Bernabéu Stadium Madrid
90%
V – person who abstains from the use of animal products, particularly in diet Vegan
90%
L – what Forrest compared to a box of chocolates Life
87%
C – rover that landed on Mars in 2012, or what killed the cat Curiosity
85%
S – a sense, or what teen spirit does, according to Nirvana Smell
83%
R – Louis Comte was the first conjurer on record to pull this out of a top hat Rabbit
82%
N – her in Bulgarian, no in German Nein
81%
D – Daniel who has won three Oscars for Best Actor (e.g. There Will Be Blood) Day-Lewis
77%
P – “The _____ of Love”, hit of the same name written by many artists and covered by Celine Dion Power
72%
B – city where, on 9 November 1989, a slightly misinformed announcement was made and people started climbing Berlin
70%
G – 1 followed by 100 zeros Googol
69%
H – island that Columbus named La Isla Española in 1492 Hispaniola
69%
Z – Ben Stiller’s 2001 comedy film about dimwitted supermodel Derek _________ Zoolander
66%
U – country with about 1.1 million citizens and 9 million expatriates United Arab Emirates
55%
A – book format whose sales increase fast and have (in the U.S.) eclipsed ebook sales Audiobook
53%
K – novelist whose protagonists often face bizarre predicaments (The Metamorphosis) and incomprehensible socio-bureaucratic powers (The Trial) Franz Kafka
51%
J – capital and largest city of South Sudan Juba
50%
O – Asterix's best friend, or an Atari video game about them Obelix
46%
T – the name of this weapon is loosely based on the title of the novel Tom Swift And His Electric Rifle Taser
31%
W – The Worst _____, fantasy drama children's TV series based on novel series by Jill Murphy Witch
31%
Q – Pennsylvania’s nickname (in addition to Keystone State) Quaker State
29%
I – to apply measuring devices, or a tuba Instrument
25%
E – first name of Fear of Flying author Jong Erica
23%
F – not flabby, but a business enterprise Firm
20%
X – is “sherry” in English, “jerez” in Spanish, “_____” in French Xérès
13%
Y – the fifth-longest river system in the world, and the largest to drain into the Arctic Ocean Yenisey
12%
No matching quizzes found
Score Distribution
Percent of People with Each Score
Percentile by Number Answered
Your Score History
You have not taken this quiz